000
00291nam a22001337a 4500
008
170608b xxu||||| |||| 00| 0 eng d
020
_a
9781878379399
041
_a
eng
080
_a
94(6)
100
_a
18
101
_a
SHH
245
_a
BARGAINING FOR PEACE
_c
GASTROW,P
942
_2
udc
_c
BK
999
_c
16568
_d
16568